000 00294nam a22001337a 4500
008 170713b xxu||||| |||| 00| 0 eng d
020 _a9780072963359
041 _aeng
080 _a17
100 _a24
101 _aFIL
245 _aTHE MORAL OF THE STORY
_cROSENSTAND, N
942 _2udc
_cBK
999 _c20554
_d20554